000 00445nam a2200181Ia 4500
003 OSt
005 20251204112055.0
008 220917b |||||||| |||| 00| 0 eng d
037 _cTB
040 _aARTS
_cARTS
_beng
041 _2eng
_aeng
084 _aQ1:1 K3
_qAL
100 _aA A Macdonell
_9150455
245 4 _aVedic mythology
260 _c1963
942 _hQ1:1, K3;5
_cTB
_2CC
_n0
999 _c284744
_d284744